MDQL
is popping MORE tags! Check the
thread
!
Quizzes
Events
Quiz Creation
Community
Videos
Private Events
Remove Ads
Sign In
Join for FREE
Feedback
Dark Mode
Quiz Categories
Sports
Geography
Music
Movies
Television
Just For Fun
Miscellaneous
History
Literature
Language
Science
Gaming
Entertainment
Religion
Holiday
For Kids
Quiz Lab
Recent
Popular Today
Quiz Kudos Today
Editor Picks
Curator Picks
Quizzes by...
Day
Popularity
Type
Ratings
Length
Year
Community
Subscriptions
Recent Discussions
Orange Saloon
Badges
Playlists
Quests
Create
Leaderboards
Showdown
Live 5
Trivia Bingo
Activity
Puzzle Library
Sporcle Events
Private Events
Virtual Trivia
Globe League
Become a Host
Pub Owners
SporcleCon
Opinionation
Our Games
Videos
Blog
Mobile Apps
Partnerships
Remove Ads and Go Orange
Feedback
Gaming
Video Games
Board Games
Card Games
Pokémon
Mario
Nintendo
Minecraft
Console
Toys
Legend of Zelda
Gaming
Video Games
Board Games
Card Games
Pokémon
Mario
Nintendo
Minecraft
Console
Toys
Legend of Zelda
Random Quiz
Search Sporcle
×
Quiz Lab
Quiz Lab
Gaming
The Beatles
Type in answers that appear in a list
Type in answers that appear in a list
Classic
Best Score? Go Orange.
The Beatles Monopoly Stats
Can you name the spaces on the game board for The Beatles Monopoly?
By
haycjim12
6m
36 Questions
365 Plays
365 Plays
365 Plays
Comments
Comments
Give Quiz Kudos
Give Quiz Kudos
-
- Ratings
hide this ad
Replay
Link that replays current quiz
Next Quiz
Link to next quiz in quiz playlist
You Got
0%
They Got
Avg Score
41%
Avg Friend Score
Upgrade to see
Score Distribution
Jump to the score distribution portion of the page
Score
0/36
Timer
06:00
0
Plays Today
% Correct
Abbey Road
82.2%
The Beatles (White Album)
77.8%
Help!
72.9%
Yellow Submarine
72.6%
Let It Be
67.4%
Revolver
67.1%
Rubber Soul
65.5%
Sgt. Pepper's Lonely Hearts Club Band
65.5%
A Hard Day's Night
63.8%
Please, Please Me
63.3%
Magical Mystery Tour
60.3%
With The Beatles
60%
Shea Stadium
51%
Beatles for Sale
50.1%
Apple Studios
36.2%
Abbey Road Studios
35.9%
Hey Jude
35.6%
Yesterday... and Today
31.2%
% Correct
Beatles VI
30.1%
Candlestick Park
29.9%
Introducing... The Beatles
28.2%
Beatles '65
27.9%
Something New
25.8%
The Beatles' Second Album
25.5%
Go
24.7%
Jail
23%
Beatlemania
22.2%
Taxman
21.4%
Free Parking
21.4%
Go to Jail
21.1%
Kansas City, MO. Sept. 17, 1964
20.8%
Ticket to Ride
20.8%
Flushing, N.Y. Aug. 15, 1965
19.2%
Philadelphia, PA. Aug. 16, 1966
19.2%
San Francisco, CA. Aug. 29, 1966
19.2%
The Fab Four
18.6%
Quiz Playlist
Details
Report
Send in Message
Add To Playlist
Classic:
Type in answers that appear in a list
Quiz Source
Last Updated: Feb 16, 2017
Quiz Scoreboard
CHALLENGE
Sign Up to Join the Scoreboard
Show All
Scores
Hide
Comments
May contain spoilers
Recently Published
Two Season TV Shows II
by 123Four
Television
10m
Image Sorting: Flags VI
by Barbecue
Geography
2m
Find the 'City' Movie
by crazypaving
Movies
60s
More to Explore
Quiz From the Vault
Featured Blog Post
14 Easter Pick-up Lines to Find Eggs With
hide this ad
You Might Also Like...
Tags
The Beatles Quiz
Monopoly
Today's Top Quizzes in Gaming
Browse Gaming
hide this ad
Today's Top Quizzes in The Beatles
Browse The Beatles
Top Contributed Quizzes in Gaming
1
League of Legends Pro Players by Career/Team History
2
Destiny 2 exotic weapons by perk icons
3
Genshin Impact Logic Puzzle
4
Genshin murder mystery
5
Dead By Daylight Logic Puzzle
6
4x4 Decades: Video Games
7
Ultimate Genshin Impact Logic Puzzle (up to 4.3)
8
Overwatch Logic Puzzle
9
Who's on the WWE 2K24 Cover?
10
Overwatch 2: Ultimate Ability Icons
Explore More
Trending Topics
Harry Potter
Marvel
Anime
Crossword
NBA
Kpop
Disney
WWE
The Office
Pokémon
Puzzle
Country
NFL
Song
Soccer
hide this ad
More By:
haycjim12
Quiz
Plays
Rating
Category
Featured
Created
Horror Movie by Scene
768
2.50
Movies
Apr 24, 2010
Best Director Oscar Winners - 2000's (Clickable!)
502
3.20
Movies
Apr 25, 2012
The Beatles Monopoly
365
2.00
Gaming
Nov 4, 2011
Compound Word Links
75
4.00
Just For Fun
Sep 11, 2010
Rick Baker's Oscar Makeup Effects
43
5.00
Movies
Apr 8, 2011
Go to Creator's Profile
Score Distribution
Quiz Creator Spotlight
haycjim12
Follow
Send a Message
Quizzes Created
-
Created Quiz Play Count
-
More By This Creator
Popular Quizzes Today
1
Colored Red Africa Blitz
2
Find the US States - No Outlines Minefield
3
Find the 'City' Movie
4
5x2 Blitz: Bands
5
The Countries of the World
6
Find the US States
7
Find the Countries of Europe - No Outlines Minefield
8
US States
More Gaming Quizzes
Dragon Age Lyrics: 'The Dawn Will Come'
Quiz Lab
Trending Quizzes
Colored Red Europe Blitz I
Colored Red Africa Blitz II
Colored Red Europe Blitz II
Colored Red Africa Blitz III
Colored Red Europe Blitz III
Recently Updated
How Do You Spell That?
pecheneg
Godzilla Movies
pecheneg
Grab Bag: 4-10 Letters
pecheneg
2024 March Madness Bracket
pecheneg
Famous TV Couples
Peacemaker
Champions League XIs: Real Madrid
pecheneg
Largest US Cities 1790-2010
pecheneg
Rides in Walt Disney World
pecheneg
Most Oscar Losses (Acting)
pecheneg
Beyoncé Albums
pecheneg
Trending Topics
Kpop
Disney
Anime
Harry Potter
Crossword
Marvel
NBA
Soccer
Country
WWE
Song
The Office
NFL
Pokémon
Puzzle
Your Account Isn't Verified!
In order to create a playlist on Sporcle, you need to verify the email address you used during registration. Go to your
Sporcle Settings
to finish the process.
Report this User
Report this user for behavior that violates our
Community Guidelines
.
Details:
Send Report
Go to the Sporcle.com Mobile Site →
Comments